Immigration to Germany by Country - Statistics

General Stats
  • This quiz has been taken 96 times
  • The average score is 16 of 20
Answer Stats
Population (2024) Country % Correct
4,200,000 Turkey
100%
2,213,000 Poland
94%
1,225,000 Syria
94%
2,100,000 Russia
93%
1,164,000 Ukraine
89%
345,000 Austria
87%
310,000 Iraq
86%
1,096,000 Romania
86%
304,000 Iran
85%
650,000 Italy
83%
313,000 Serbia
82%
435,000 Bulgaria
81%
296,000 Hungary
76%
449,000 Greece
75%
550,000 Croatia
74%
438,000 Bosnia and Herzegovina
71%
257,000 Netherlands
71%
244,000 Portugal
68%
425,000 Afghanistan
67%
300,000 Kosovo
57%
No matching quizzes found
Score Distribution
Percent of People with Each Score
Percentile by Number Answered
Your Score History
You have not taken this quiz